000 00944cam a22002651 4500
001 af 47005280
003 DLC
005 20260227110830.0
008 890404s1942 gw 000 0 ger c
010 _aaf 47005280
035 _a(OCoLC)19494409
040 _aIllinois. Univ. Library
_cCU
_dCU
_dOCoLC
_dDLC
042 _apremarc
050 0 0 _aPT2611.R186
_bK6
082 _a833.91
100 1 _aFranck, Hans,
_d1879-
245 1 4 _aDas königsduell und andere anekdoten ...
250 _aFeldpostausgabe.
260 _aStuttgart,
_bVerlag Deutsche volksbucher gmbh.
_c[1942]
300 _a63, [1] p.
_c20 cm.
440 0 _aWiesbadener volksbücher.
_vNr. 281
500 _a"31.-50. tausend, 1942."
500 _a"Die einführung schrieb Hans Knudsen."
505 0 _aDas königsduell.--Lauter - -lauter - -.--Das königstedeum.--Taliter.--U.d.v.r.w.--Wode!--Das lederbeutelchen.--Herr hund.--Seinselbst vergessen.--Kiekuut.--Das rätsel.
999 _c3033
_d3033